Heterodox Macroeconomics (E-BOOK) (Record no. 212451)

000 -LEADER
fixed length control field 02996 a2200301 4500
003 - CONTROL NUMBER IDENTIFIER
control field Nust
005 - DATE AND TIME OF LATEST TRANSACTION
control field 20170207165541.0
020 ## - INTERNATIONAL STANDARD BOOK NUMBER
International Standard Book Number 0-415-77808-5
020 ## - INTERNATIONAL STANDARD BOOK NUMBER
International Standard Book Number 9780203876701
040 ## - CATALOGING SOURCE
Transcribing agency Nust
082 00 - DEWEY DECIMAL CLASSIFICATION NUMBER
Classification number 339
100 1# - MAIN ENTRY--PERSONAL NAME
Personal name Goldstein, Jonathan P.
245 10 - TITLE STATEMENT
Title Heterodox Macroeconomics (E-BOOK)
Medium [Elektronisk resurs] :
Remainder of title Keynes, Marx and Globalization.
260 ## - PUBLICATION, DISTRIBUTION, ETC.
Place of publication, distribution, etc. Hoboken :
Name of publisher, distributor, etc. Taylor & Francis,
Date of publication, distribution, etc. 2009.
300 ## - PHYSICAL DESCRIPTION
Extent 1 online resource (301 p.)
490 1# - SERIES STATEMENT
Series statement Routledge Advances in Heterodox Economics
500 ## - GENERAL NOTE
General note Description based upon print version of record.
505 0# - FORMATTED CONTENTS NOTE
Formatted contents note 14 Historically contingent, institutionally specific: Class struggles and American employer exceptionalism in the age of neoliberal globalization15 Unequal exchange reconsidered in our age of globalization; 16 From capital controls and miraculous growth to financial globalization and the financial crisis in Korea; Part IV Heterodox macroeoconomic policy; 17 Keynes' bourgeois socialism; 18 The case of capital controls revisited; 19 Neo-liberal finance and third world (mal)development; Part V Conclusion; 20 Heterodox macroeconomics and the current global financial crisis; Index;
505 0# - FORMATTED CONTENTS NOTE
Formatted contents note 7 Modern business behavior: The theory of the active firm8 A Keynes-Marx theory of investment; 9 Did financialization increase macroeconomic fragility?: An analysis of the US nonfinancial corporate sector; 10 Marx, Minsky and Crotty on crises in capitalism; 11 Labor demand under strategic competition and the cyclical profit squeeze; Part III The macrodynamics of the neoliberal regime; 12 Cyclical labor shares under Keynesian and neoliberal regimes; 13 Economic crises and institutional structures
505 0# - FORMATTED CONTENTS NOTE
Formatted contents note Book Cover; Title; Copyright; Contents; Illustrations; Contributors; Preface; Acknowledgments; Part I Heterodox macroeconomics and the Keynes-Marx synthesis; 1 Introduction: A second-generation synthesis of heterodox macroeconomic principles; 2 The central core of heterodox macroeconomics; 3 An introduction to a unified heterodox macroeconomic theory; 4 Methodology and heterodox economics; 5 Does heterodox economics need a unified crisis theory?: From profit-squeeze to the global liquidity meltdown; 6 The current crisis in macroeconomic theory; Part II Accumulation, crisis and instability
520 ## - SUMMARY, ETC.
Summary, etc. This book focuses on an integrated heterodox approach to the original contributions of Keynes, Marx and early institutionalists, featuring an international set of authors from the US, the UK, Japan and Korea.
650 #4 - SUBJECT ADDED ENTRY--TOPICAL TERM
Topical term or geographic name entry element Economics.
650 #4 - SUBJECT ADDED ENTRY--TOPICAL TERM
Topical term or geographic name entry element Macroeconomics.
651 ## - SUBJECT ADDED ENTRY--GEOGRAPHIC NAME
Geographic name E-Book
700 1# - ADDED ENTRY--PERSONAL NAME
Personal name Hillard, Michael G.
830 #0 - SERIES ADDED ENTRY--UNIFORM TITLE
Uniform title Routledge Advances in Heterodox Economics
856 40 - ELECTRONIC LOCATION AND ACCESS
Uniform Resource Identifier <a href="http://sfxeu11.hosted.exlibrisgroup.com/sfxmiu/?url_ver=Z39.88-2004&ctx_ver=Z39.88-2004&ctx_enc=info:ofi/enc:UTF-8&rfr_id=info:sid/sfxit.com:opac_856&url_ctx_fmt=info:ofi/fmt:kev:mtx:ctx&sfx.ignore_date_threshold=1&rft.object_id=1000000000766902&svc_val_fmt=info:ofi/fmt:kev:mtx:sch_svc&">http://sfxeu11.hosted.exlibrisgroup.com/sfxmiu/?url_ver=Z39.88-2004&ctx_ver=Z39.88-2004&ctx_enc=info:ofi/enc:UTF-8&rfr_id=info:sid/sfxit.com:opac_856&url_ctx_fmt=info:ofi/fmt:kev:mtx:ctx&sfx.ignore_date_threshold=1&rft.object_id=1000000000766902&svc_val_fmt=info:ofi/fmt:kev:mtx:sch_svc&</a>
942 ## - ADDED ENTRY ELEMENTS (KOHA)
Source of classification or shelving scheme
Koha item type Book
Holdings
Withdrawn status Lost status Source of classification or shelving scheme Damaged status Not for loan Collection code Permanent Location Current Location Date acquired Total Checkouts Barcode Date last seen Price effective from Koha item type
            Military College of Signals (MCS) Military College of Signals (MCS) 12/12/2016   MCSEB-1854 12/08/2016 12/12/2016 Book
© 2023 Central Library, National University of Sciences and Technology. All Rights Reserved.